000 00561nam a22002057a 4500
003 UA-OsUOA
001 10538
007 ta
008 20050131b un ||||| |||| 00| 0 ukr d
100 _aДьомін Микола
942 _cSA
040 _aUA-OsUOA
_bukr
_cUA-OsUOA
_dUA-OsUOA
245 _aФеноменологія нового мистецтва Миколи Писанка
300 _aС.120-124
955 _a0
041 _aukr
044 _aUA
773 0 _w0
_tСучасність
_dКиїв
_d2005
_g№1
650 7 _aМистецтво
_2UDC
999 _c296699
_d296699